Disputatio theologica ad Coloss. 1, 24. Pauli passiones ... exhibens, prior-[posterior]. 2: ... respondens Joh. Frideric. Jerzembski, Senb. Pr. ... die V. Septembr. anno MDCCXXIV. (Запись № 9615300)
[ простой вид ]
| 000 -МАРКЕР | |
|---|---|
| контрольное поле | 01066nam2a2200241 4500 |
| 001 - ИДЕНТИФИКАТОР ЗАПИСИ | |
| контрольное поле | RU\NLR\BIBL_A\010673205 |
| 005 - ИДЕНТИФИКАТОР ВЕРСИИ | |
| контрольное поле | 20250614083124.0 |
| 035 ## - ДРУГИЕ СИСТЕМНЫЕ НОМЕРА | |
| Идентификатор записи | (NLR Aleph) 010673205 |
| 100 ## - ДАННЫЕ ОБЩЕЙ ОБРАБОТКИ | |
| Данные общей обработки | 20150213d |||y0rusy50 ca |
| 101 0# - ЯЗЫК РЕСУРСА | |
| Язык текста, звукозаписи и т.д. | латинский |
| 102 ## - СТРАНА ПУБЛИКАЦИИ ИЛИ ПРОИЗВОДСТВА | |
| Страна публикации | российская федерация |
| 200 1# - ЗАГЛАВИЕ И СВЕДЕНИЯ ОБ ОТВЕТСТВЕННОСТИ | |
| Основное заглавие | ... respondens Joh. Frideric. Jerzembski, Senb. Pr. ... die V. Septembr. anno MDCCXXIV. |
| 215 ## - ФИЗИЧЕСКАЯ ХАРАКТЕРИСТИКА | |
| Специфическое обозначение материала и объем | С. [1-2], 25-50 |
| 461 #0 - УРОВЕНЬ НАБОРА | |
| Встроенное поле | 001RU\NLR\BIBL_A\010672762 |
| -- | 2001#$aDisputatio theologica ad Coloss. 1, 24. Pauli passiones ... exhibens, prior-[posterior]$v2 |
| Системный номер (АБИС) связанной записи | 9613471 |
| Автор | Behm, J. (1687-1753) |
| Место публикации | Regiomonti [Kaliningrad] |
| Дата публикации | [1724] |
| Первые сведения об ответственности | quam ... submittunt praeses Johannes Behm, S. S. Theol. Doct. ... |
| Имя издателя, распространителя и т.д. | typis Zaenckerianis |
| Заглавие | Disputatio theologica ad Coloss. 1, 24. Pauli passiones ... exhibens, prior-[posterior] |
| Номер тома | 2 |
| 702 #1 - ИМЯ ЛИЦА - ВТОРИЧНАЯ ОТВЕТСТВЕННОСТЬ | |
| Связь между полями | z01790 |
| Начальный элемент ввода | Jerzembski |
| Часть имени, кроме начального элемента ввода | J.F. |
| Расширение инициалов личного имени | Johann Friedrich |
| Код отношения | Прочие |
| 790 #1 - ИМЯ ЛИЦА - АЛЬТЕРНАТИВНАЯ ФОРМА | |
| Связь между полями | z01702 |
| Начальный элемент ввода | Jerzembski |
| Расширение инициалов личного имени | Joh. Frideric. |
| Код отношения | Прочие |
| 852 ## - МЕСТОНАХОЖДЕНИЕ И ШИФР ХРАНЕНИЯ | |
| Идентификатор организации | NLR |
| Шифр хранения (Call Number) | 16.158.1.48f |
| 942 ## - ДОПОЛНИТЕЛЬНЫЕ ЭЛЕМЕНТЫ ЗАПИСИ (АБИС) | |
| Тип экземпляра АБИС | Книга |
| 980 ## - КОЛЛЕКЦИЯ | |
| Название коллекции | Национальная библиография |
| 980 ## - КОЛЛЕКЦИЯ | |
| Название коллекции | Иностранная рекаталогизация: 17-19 век |
Нет доступных экземпляров.